Movie Musicals - The Last 40 Years - Statistics

General Stats
  • This quiz has been taken 42 times
  • The average score is 24 of 41
Answer Stats
Picture Answer % Correct
Snow White (2025)
97%
The Little Mermaid (1989)
97%
Wonka (2023)
97%
Annie (1999)
95%
Chicago (2002)
95%
Frozen (2013)
95%
Wicked (2024)
95%
Sing (2016)
92%
The Greatest Showman (2017)
92%
The Phantom Of The Opera (2004)
92%
The Prince Of Egypt (1998)
89%
A Star Is Born (2018)
86%
Roald Dahl’s Matilda The Musical (2022)
86%
Into The Woods (2014)
84%
Pocahontas (1995)
84%
Rocketman (2019)
84%
In The Heights (2021)
81%
Little Shop Of Horrors (1986)
81%
Sweeney Todd: The Demon Barber Of Fleet Street (2007)
78%
Descendants (2015)
73%
Pitch Perfect (2012)
70%
Moulin Rouge (2001)
68%
Dreamgirls (2006)
65%
The Prom (2020)
57%
Burlesque (2010)
43%
A Chorus Line (1985)
38%
Footloose (2011)
38%
Gypsy (1993)
35%
Spice World (1997)
35%
La Bamba (1987)
30%
Walk The Line (2005)
27%
Cry-Baby (1990)
24%
That Thing You Do! (1996)
22%
Moonwalker (1988)
16%
Center Stage (2000)
8%
Immortal Beloved (1994)
8%
Bandslam (2009)
5%
Cadillac Records (2008)
5%
Pure Country (1992)
5%
The Commitments (1991)
5%
The Fighting Temptations (2003)
5%
No matching quizzes found
Score Distribution
Percent of People with Each Score
Percentile by Number Answered
Your Score History
You have not taken this quiz